Moshes Dayan /
Guardado en:
| Autor Principal: | |
|---|---|
| Formato: | |
| Materias: | |
| Etiquetas: |
Agregar Etiqueta
Sin Etiquetas, Sea el primero en etiquetar este registro!
|
| LEADER | 00953ngm a22002535g 4500 | ||
|---|---|---|---|
| 001 | CEM.cems021857 | ||
| 008 | 130507b1993##################0###0#####d | ||
| 005 | 20240918141202.0 | ||
| 245 | 1 | 0 | |a Moshes Dayan / |c Philip Madoc. |
| 300 | |a 52 | ||
| 500 | |a En soporte VHS, consultar en ventanilla. | ||
| 538 | |a Soporte: VHS - Norma: Pal N - Color - Grabación DRD 1993 - Hitachi=0000. | ||
| 505 | 0 | |a Personalidad del líder de la guerra de los Seis Días a través de sus testimonios. Organización social primitiva y actual. El movimiento kibutziano. Su vivencia personal de la Biblia. Su actividad política y militar. Etc... | |
| 100 | 1 | |a Madoc, Philip | |
| 082 | 9 | 2 | |/ BIO-1 |
| 653 | |a HISTORIA | ||
| 653 | |a POLITICA | ||
| 653 | |a BIOGRAFIAS | ||
| 653 | |a ISRAEL | ||
| 653 | |a DAYAN, MOSHES | ||
| 653 | |a ISRAEL-HISTORIA | ||
| 653 | |a KIBUTZ | ||
| 653 | |a NIVEL SECUNDARIO | ||
| 859 | |a CEMS |b BIB. CEMS - Depto. Recursos Didacticos |h 920 |i BIO-1 |k DRD |p 500.12 |t Ej.1 | ||
